000 00462cam a22001457a 4500
008 180718b1946 xxu||||| |||| 00| 0 eng d
082 _aD8x68 K123
100 _aKajee, A.I.
245 _aTreatment of Indians in South Africa: a memorandum of facts
_cby A.I. Kajee and P.R. Pather
260 _aCapetown
_bSouth African Indian Congress
_c1946
300 _a84p.
500 _aRs.2.00
650 _aIndians Abroad - Union of South Africa
700 _aPather, P.R.
999 _c371042
_d371042